| 000 | 00598nam a22002177a 4500 | ||
|---|---|---|---|
| 005 | 20220803161656.0 | ||
| 008 | 220803b |||||||| |||| 00| 0 eng d | ||
| 020 |
_a9788172734749 _cRs.750.00 |
||
| 040 | _aLoreto College | ||
| 041 | _aEnglish | ||
| 082 |
_a821(I) _bMAH |
||
| 100 | _aMahapatra,Jayanta | ||
| 245 |
_aThe lie of dawns _bPoems 1974-2008 _cJayanta Mahapatra |
||
| 260 |
_aNew Delhi _bAuthorspress _c2014 |
||
| 300 |
_a197p _b22cm |
||
| 650 | _aPoetry-Indo-Anglican | ||
| 650 | _aIndian writing in English | ||
| 650 | _aIndo-Anglican literature | ||
| 850 | _aLCLIB | ||
| 942 | _cBK | ||
| 999 |
_c43040 _d93519 |
||